000 00385 a2200133 4500
001 92267
082 _aPR 2520
090 _c44213
_d44212
100 _aMuhammad Imran; Prof Nayyar Aafaq (Advisor)
245 _aComparative Analysis and Implementation of various Control Strategies
_n77 "B" EC
260 _aIslamabad
_bNUST
_c2014
300 _aix,64p.
500 _aBE Project Reports
942 _aCAE NUST
_kPR 2520
999 _c327340
_d327340